Rage Against The Machine Songs - Statistics

General Stats
  • This quiz has been taken 388 times
  • The average score is 16 of 33
Answer Stats
Hint Answer % Correct
Killing in the Name
93%
Bulls on Parade
87%
Rage Against The Machine Bombtrack
83%
The Battle of Los Angeles Testify
72%
Know Your Enemy
67%
Sleep Now in the Fire
67%
Wake Up
65%
Bullet in the Head
63%
Freedom
63%
Evil Empire People of the Sun
60%
Take the Power Back
55%
Vietnow
54%
Guerrilla Radio
52%
Township Rebellion
51%
Down Rodeo
47%
Maria
46%
Calm Like a Bomb
45%
Fistful of Steel
44%
Revolver
42%
Settle for Nothing
38%
Born of a Broken Man
36%
Mic Check
35%
Snakecharmer
34%
Tire Me
30%
Ashes in the Fall
29%
Voice of the Voiceless
29%
Year of tha Boomerang
29%
Roll Right
28%
War Within a Breath
27%
Wind Below
27%
Born as Ghosts
23%
New Millennium Homes
21%
Without a Face
21%
No matching quizzes found
Score Distribution
Percent of People with Each Score
Percentile by Number Answered
Your Score History
You have not taken this quiz